000 00915nam a22002777a 4500
003 OSt
005 20260424125133.0
008 260424b |||||||| |||| 00| 0 eng d
020 _a978-93-49531-96-3
037 _cReference
040 _aFEDL
_beng
_cFEDL
041 _aeng
_heng
082 _a181.4 SHA/RR
100 _aSharma, Raj Kishore, Ed.
_91235179
245 _aTown planning and Bharatiya architecture/
_cedited by Raj Kishore Sharma; Jitender Kumar.
260 _aNew Delhi
_bKitabwale
_c2025
300 _a59p.
365 _aINR
_b180.00
490 _vV. 12
650 _aPHILOSOPHY OF INDIA
_91234613
650 _aARCHITECTURAL DEVELOPMENT - ANCIETNT BHARAT
_91235623
650 _aTEMPLE ARCHITECTURE- SWASTIKA ,VASTU- SASTRA
_91235672
700 _aJitender Kumar, Ed.
_91235213
942 _2ddc
_cREF
_h181.4 SHA/RR
_n0
999 _c1848495
_d1848495